00516 2200193 4500245007700000020002200077250001100099700002100110100002100131700002300152650001900175650001100194005001900205260003900224041001400263084001000277300002600287336000900313 aMental Alchemy b : Ego dan Keseimbangan MentalcWilliam AtkinsonhText a978-623-7778-36-3 aCet. 3 aZulkarnaen Ishak aWilliam Atkinson aM. Dhanil Herdiman aPsikologi Anak aMental a20240903103239 aYogyakartabBright Publisherc2023 aIndonesia a155.4 avi, 90 hlm. :c20 cm. atext